| 000 | 00367nam a2200145Ia 4500 | ||
|---|---|---|---|
| 005 | 20250509064715.0 | ||
| 008 | 240331s9999 xx 000 0 und d | ||
| 082 |
_bSOM _a891 |
||
| 100 | _aSomakandhan, P | ||
| 245 | 0 | _aVerlvi malarkal | |
| 260 |
_aChennai _bKumaran Publishers _c2001 |
||
| 300 | _aXiv, 153 p ., | ||
| 500 | _aA collection of Short Stories | ||
| 942 | _cL | ||
| 999 |
_c4303 _d4303 |
||